000 00811cam a22002411 4500
001 19632
003 BD-RjUL
005 20211209000446.0
008 140225s1954 enk 001 0 eng
035 _a(BD-RjUL)19692
040 _aDLC
_cDLC
_dDLC
_dBD-RjUL
_beng
041 _aeng
082 _a822.3309
_bCRS 1954
100 1 _aCruttwell, Patrick.
_960319
245 1 4 _aThe Shakespearean moment :
_band its place in the poetry of the 17th century /
_cPatrick Cruttwell
260 _aLondon ; New York :
_bRandom House, Chatto and Windus,
_c1954.
300 _a262 p. ;
_c22 cm.
504 _aIncludes index.
600 1 0 _aShakespeare, William, 1564-1616
_xContemporaries.
_9167298
650 0 _aEnglish poetry
_yEarly modern, 1500-1700
_xHistory and criticism.
_94392
942 _2ddc
_cBK
999 _c19632
_d19632